000 00808 a2200205 4500
005 20080828102147.0
008 080828t xxu||||| |||| 00| 0 eng d
010 _aENG-87353
020 _c775.00
_a9788190454391
035 _aEN-70886
037 _bDBAD / PUB
082 _a630.24
100 _aPradhan, A.K.
245 _aAgricultural chemistry
_cby A.K. Pradhan
260 _aDelhi
_bManglam Publishers
_c2007
270 _aL-21/1, Street No. 5, Shivaji Marg, Near Kali Mandir, J.P. Nagar, Kartar Nagar, West Ghonda,
_bDelhi
_e110 053
300 _aviii, 272p.
_c22cm (Hb )
942 _adpl
_cEN
_k630.24 / PRA
_2ddc
_h630.24
_mPRA
999 _c6444
_d6444